|
|
|
|
| LEADER |
01016nam a2200253 a 4500 |
| 001 |
12709106 |
| 008 |
091226s2003 njua b 001 0 eng d |
| 010 |
|
|
|a 2002021425
|
| 020 |
|
|
|a 0130660604
|
| 020 |
|
|
|a 0130655988 (student ed.)
|
| 040 |
|
|
|a DLC
|c DLC
|d DLC
|d BD-DhAAL
|
| 082 |
0 |
0 |
|a 519.5
|2 21
|
| 100 |
1 |
|
|a McClave, James T.
|
| 245 |
1 |
2 |
|a Statistics /
|c James T. McClave, Terry Sincich.
|
| 250 |
|
|
|a 9th ed., Annotated instructor's ed.
|
| 260 |
|
|
|a Upper Saddle River, N.J. :
|b Pearson Education,
|c c2003.
|
| 300 |
|
|
|a xxi, 553 p. :
|b ill. (some col.) ;
|c 27 cm. +
|e 1 CD-ROM (4 3/4 in.)
|
| 504 |
|
|
|a Includes bibliographical references and index.
|
| 541 |
1 |
|
|e 00014724
|
| 650 |
|
0 |
|a Statistics.
|
| 700 |
1 |
|
|a Sincich, Terry.
|
| 852 |
4 |
|
|a Ayesha Abed Library
|j General Shelf.
|
| 999 |
|
|
|c 6596
|d 6596
|
| 952 |
|
|
|0 0
|1 0
|2 ddc
|4 0
|6 519_500000000000000_MCC_2003
|7 0
|9 6709
|a BRACUL
|b BRACUL
|c GEN
|d 2009-12-31
|g 0.00
|l 8
|m 50
|o 519.5 MCC
|p 3010014724
|r 2026-01-18
|s 2025-09-22
|t 1
|w 2009-12-31
|y BK
|x No price found in the accession register.
|